000 01200nam a22002411a 4500
999 _c19017
_d19017
001 19017
003 OSt
005 20260204212434.0
008 190109s2018||||dr ||||||b||||||||||spa||
090 _aESP-GCE 2017 R34
100 1 _aReinoso Paulino, María Luisa
_esustentante
245 1 _aSuministro de mesas y sillas adecuadas en las aulas del Nivel Inicial de la Escuela Primaria Las Flores, Distrito Educativo 16-01 de Cotuí/María Luisa Reinoso Paulino, Arisleida Delfina Moya Cruz y Olga Lidia Del Orbe ; asesor Jaime Arismendi Acosta Padilla
260 _aCotuí, Republica Dominicana :
_bUTECO,
_c2017
300 _a47 hojas :
502 _aTesis (Especialidad en Gestión y Planificación de Centros)--Universidad Tecnológica del Cibao Oriental, 2017
504 _aIncluye referencia bibliográfica e índice
650 4 _aSuministro de mesas y sillas--Especialidad en Gestión y Planificación de Centros
700 1 _aMoya Cruz, Arisleida Delfina
_esustentante
700 1 _aDel Orbe, Olga Lidia
_esustentante
700 1 _aAcosta Padilla, Jaime Arismendi
_easesor
830 _aTesis y disertaciones académicas (Universidad Tecnológica del Cibao Oriental)
942 _2LC
_cTH